00633nam a2200205 a 4500001001000000005001700010008004100027041000800068044000800076050002600084100003600110245010400146260003000250300002200280500002900302500003300331500000800364650002300372700003200395BRCA_642720190320205441.0210911s1910----enk#######---#000-0#eng-# aeng aenk 4aPR2823b.A2 G65c19101 aShakespeare, Williamd1564-161610aShakespeare´sbtragedy of MacbethcWilliam Shakespeare; with preface, glossary by Israel Gollancz. aLondresbJ. M. Dentc1910 ax, 127 p.c14 cm. aIncluye glosario y notas aEdición con cantos dorados aL1114aLiteratura inglesa1 aGollancz, Israelf1864-1930